000 01658nam a2200301 a 4500
001 BRCA_2459
005 20190320203823.0
008 191108s1829----sp-#---###---#000-0#spa-u
041 _aspa
044 _asp
084 _a099
_b.P57
_c1829
100 1 _aCervantes Saavedra, Miguel de
_d1547-1616
_9213
245 1 0 _aEl Ingenioso Hidalgo D. Quijote de la Mancha
_ccompuesto por Miguel de Cervantes Saavedra.
260 _aMadrid
_bHijos de Doña Catalina Piñuela
_c1829
300 _a4 v.
_c15 cm.
440 0 _aObras escogidas de Miguel de Cervantes
_n1
_97158
500 _aContenido : v 1. Primera parte. Preámbulo del editor. Documentos de la edición príncipe. Dedicatoria del autor. Prólogo del autor. Versos preliminares. Variantes. Texto. -- v 2. Variantes. Texto. -- v 3. Segunda parte. Documentos de la edición príncipe. Dedicatoria del autor. Prólogo del autor. Variantes. Texto. -- v 4. Variantes. Texto
500 _aEsta edición, impresa con tipos pequeños pero claros, sigue a la segunda de la Academia, de 1782. Las láminas, faltas de originalidad y de escaso valor artístico, van firmadas algunas por J. A. y J. C., dibujante y grabador respectivamente. Edición de surtido Lúdovik Osterc
500 _aEstado físico : Faltan las portadas de los 4 volúmenes
500 _aQM82
650 1 4 _aNovela española
_yÉpoca clásica, 1500-1700
_9215
650 1 4 _aLiteratura española
_yÉpoca clásica, 1500-1700
_9216
650 1 4 _aNovela española
_ySiglo XVII
_9217
650 1 4 _aDon Quijote (Personaje ficticio)
_eNovela
_9218
740 0 _aEl Ingenioso Hidalgo Don Quijote de la Mancha
902 _aQFM
942 _2lcc
_cB
999 _c2200
_d2200